000
00321nam a2200133Ia 4500
008
230312s9999||||xx |||||||||||||| ||und||
020
_a
978-1427637468
082
_a
745
_b
GPP-G
100
_a
GP Publications
245
0
_a
Graphic:Print Source:Eco Inspirations
260
_c
2009
650
_a
Architecture
942
_c
BK
999
_c
14415
_d
14415